000 00860naa a2200229 c 4500
001 33762
003 ES-MaCES
005 20040115100900.0
008 040113n2003 sp ||| | spa d
035 _aCES20040000358v
040 _aES-MaCES
_bspa
_cES-MaCES
100 1 _aCairós Barreto, Dulce María
_98673
245 1 3 _aLa representatividad y la mayor representatividad de las asociaciones empresariales
_cDulce Mª Cairós Barreto
650 4 _anegociación colectiva
_928362
650 4 _acooperación empresarial
_931742
650 4 _aorganizaciones empresariales
_931559
653 1 0 _aEmpresa
773 0 _tRevista española de Derecho del trabajo
_gn. 118 (jul. - ag. 2003){10040 R. 053970}; p. 583-622
_w(ES-MaCES)25060
_932361
902 _aART Artículo de revista
942 _2CES
_cAR
_h0.0.
999 _c33762
_d33762